000 00628cam a22001933a 4500
001 45077
003 PGUSA
005 20140828084030.0
008 140308s2014||||xxu|||||s|||||000 | eng d
040 _aPGUSA
_beng
042 _adc
245 1 0 _aPubs :
_bA Collection of Hotel, Inn, and Tavern Signs in Great Britain and Ireland, to Which are Added a few Foreign Café Signs
_h[electronic resource] /
_cVarious
260 _bProject Gutenberg,
_c2014
506 _aPublic domain in the USA.
516 _aElectronic text
830 0 _aProject Gutenberg
_v45077
856 4 0 _uhttp://www.gutenberg.org/ebooks/45077
942 _cEB
999 _c274328
_d274328